000 00518nam a2200169 i 4500
001 40244
003 ES-MaACL
005 20230906160155.0
007 t|
008 030305s1877 it ||||1| ita d
100 1 _aCarrara, Francesco (
_d1805-1888)
_935515
245 1 0 _aProgramma del corso di diritto criminale dettato vella R. Universitá di Pisa /
_cFrancesco Carrara.
250 _a5ª ed.
260 _a[S.l. :
_bs.n.,
_c1877] (
_eLucca :
_fGiusti)
300 _a9 v. ;
_c22 cm.
852 _aES-MaACL
_jF-11326-34
999 _c40244
_d40244